Grote vlaamse steden - Statistieken

Algemene statistieken
  • Deze quiz is 251 keer genomen
  • De gemiddelde score is 11 van 15
Antwoordstatistieken
Hint Antwoord % Correct
West Vlaanderen Brugge
98%
Oost Vlaanderen Gent
98%
Antwerpen Antwerpen
97%
West Vlaanderen Oostende
88%
Liùb Hasselt
87%
Limburg Genk
85%
West Vlaanderen Kortrijk
85%
Vlaams Brabant Leuven
85%
Antwerpen Mechelen
84%
Oost Vlaanderen Aalst
71%
Oost Vlaanderen Sint Niklaas
65%
Antwerpen Turnhout
59%
West Vlaanderen Roeselare
56%
Limburg Tongeren
44%
Oost Vlaanderen Oudenaarde
39%
Geen overeenkomende quizzen gevonden
Scoreverdeling
Procent van Mensen met Elke Score
Percentiel versus Aantal Correcte Antwoorden
Uw Scoregeschiedenis
U heeft deze quiz nog niet genomen